ბათუმის შოთა რუსთაველის სახელმწიფო უნივერსიტეტის ბიბლიოთეკა

Japan and the Culture of the Four Seasons: (ბიბ.ჩანაწერი № 63963)

000 -LEADER
fixed length control field 00671nam a22001817a 4500
005 - DATE AND TIME OF LATEST TRANSACTION
control field 20260227113404.0
008 - FIXED-LENGTH DATA ELEMENTS--GENERAL INFORMATION
fixed length control field 260227s2013 eng||||| |||| 00| 0 eng d
020 ## - INTERNATIONAL STANDARD BOOK NUMBER
International Standard Book Number 9780231152815x
041 ## - LANGUAGE CODE
Language code of text/sound track or separate title eng
080 ## - UNIVERSAL DECIMAL CLASSIFICATION NUMBER
Universal Decimal Classification number 821(520) : 008 Sh-53
100 ## - MAIN ENTRY--PERSONAL NAME
Personal name Shirane, Haruo
9 (RLIN) 27010
245 ## - TITLE STATEMENT
Title Japan and the Culture of the Four Seasons:
Remainder of title Nature, Literature, and the Arts /
Statement of responsibility, etc. Haruo Shirane.
264 ## - PRODUCTION, PUBLICATION, DISTRIBUTION, MANUFACTURE, AND COPYRIGHT NOTICE
Place of production, publication, distribution, manufacture New York :
Name of producer, publisher, distributor, manufacturer Columbia University Press,
Date of production, publication, distribution, manufacture, or copyright notice 2013.
300 ## - PHYSICAL DESCRIPTION
Extent 312 p.;
Other physical details 23 cm.
653 ## - INDEX TERM--UNCONTROLLED
keyword იაპონური კულტურა
653 ## - INDEX TERM--UNCONTROLLED
keyword ბუნება, ლიტერატურა და ხელოვნება
942 ## - ADDED ENTRY ELEMENTS (KOHA)
Source of classification or shelving scheme
Koha item type წიგნი
ეგზემპლარები
Withdrawn status Lost status Source of classification or shelving scheme Damaged status Not for loan Permanent Location Current Location Shelving location Date acquired Cost, normal purchase price Full call number Barcode Date last seen Copy number Uniform Resource Identifier Price effective from Koha item type Public note
          ბათუმის შოთა რუსთაველის სახელმწიფო უნივერსიტეტის მთავარი ბიბლიოთეკა ბათუმის შოთა რუსთაველის სახელმწიფო უნივერსიტეტის მთავარი ბიბლიოთეკა წიგნსაცავი 2026-02-27 12.00 821(520) : 008 Sh-53 73822 2026-02-27 73822 იაპონიის ელჩის საჩუქარი 2026-02-27 წიგნი 12 ლ.